000 00811cam a22001934a 4500
005 20250605164207.0
008 250528s ||||||||||||||||||||||||d
035 _a20072
020 _a3452213188
040 _aGR-AtMCL
_bgre
_dGR-AtMCL
_eAACR2
245 1 _aDie Internationale Schiedsgerichtsbarkeit in der Schweiz (II) / Schriftenreihe des Deutschen Instituts fur Schiedsgerichtswesen German Institution of Arbitration
260 _bCarl Heymanns Verlag Kg,
_c1989
300 _a224
520 _aProf. Dr. Karl-Heinz Bockstiegel, Prof. Dr. Dr. Pierre Lalive, Dr. Marc Blessing, Dr Robert Briner, Prof. Dr. Claude Reymond, Prof. Dr. Eugen Bucher, Prof. Dr. Bernd von Hoffmann, Dr Wlfang Kuhn.
710 2 _aBeitragen von Mit
_99777
942 _cBK
999 _c5220
_d5220